000 01138nam a22002535i 4500
001 163542
003 ES-MaACL
005 20251014063236.0
008 010208s1895 sp |||| | spa d
100 1 _aRuiz Tordesillas, María,
_d1864-
_9171452
245 1 3 _aEl río de rosas o sea El Santo Rosario de la Madre de Dios /
_cpor una asociada al Rosario Perpetuo.
260 _aMadrid :
_b[s.n.],
_c1895 (
_fImp. y Lit. del Asilo de Huérfanos del Sagrado Corazón de Jesús)
300 _a197 p., 1 lám. ;
_c19 cm.
490 1 _aBiblioteca de la mujer piadosa
530 _aDisponible en formato digital.
594 _aUna asociada al Rosario Perpetuo es seud. de María Ruiz Tordesillas, poetisa nacida en Málaga en 1864
_6(http://www.mcnbiografias.com)
650 7 _aRosario
_2embne
_9136835
740 3 2 _aEl Santo Rosario de la Madre de Dios.
752 _aEspaña -
_dMadrid
830 1 _aBiblioteca de la mujer piadosa
_9222282
852 _aES-MaACL
_jG-13510
_z- Enc. tela
856 _uhttp://bdh-rd.bne.es/viewer.vm?id=0000066797&page=1
_zBiblioteca Digital Hispánica
999 _c163542
_d163542